Des diverses résistances et autres propiétes de la fonte du fer et de l'acier et de l'emploi de ces métaux dans les constructions / (Record no. 158161)

MARC details
000 -LEADER
campo de control de longitud fija 00665nam a2200157 i 4500
001 - NÚMERO DE CONTROL
campo de control 158161
003 - IDENTIFICADOR DE NÚMERO DE CONTROL
campo de control ES-MaACL
005 - FECHA Y HORA DE LA ÚLTIMA TRANSACCIÓN
campo de control 20230906211034.0
008 - DATOS DE LONGITUD FIJA--INFORMACIÓN GENERAL
campo de control de longitud fija 990531s1859 fr |||| | fre d
040 ## - FUENTE DE CATALOGACIÓN
Centro catalogador/agencia de origen CYL
Lengua de catalogación spa
Centro/agencia transcriptor CYL
100 1# - ENTRADA PRINCIPAL--NOMBRE DE PERSONA
Nombre de persona Love, G. H.
9 (RLIN) 129100
245 10 - MENCIÓN DEL TÍTULO
Título Des diverses résistances et autres propiétes de la fonte du fer et de l'acier et de l'emploi de ces métaux dans les constructions /
Mención de responsabilidad, etc. par G. H. Love.
260 ## - PUBLICACIÓN, DISTRIBUCIÓN, ETC.
Lugar de publicación, distribución, etc. Paris :
Nombre del editor, distribuidor, etc. Librairie Scientifique, Industrielle et Agricole de Lacroix & Baudry,
Fecha de publicación, distribución, etc. 1859 (
Lugar de fabricación/manufactura Lille :
Fabricante Imprimerie de E. Reboux)
300 ## - DESCRIPCIÓN FÍSICA
Extensión XXXI, 360 p., [24] p. de tablas ;
Dimensiones 24 cm.
852 ## - LOCALIZACIÓN
Ubicación ES-MaACL
Número de control de estantería G-11435
Nota libre -- Enc. hol.
Holdings
Estatus retirado Estado de pérdida Estado de daño No para préstamo Colección Biblioteca de origen Biblioteca actual Ubicación en estantería Fecha de adquisición Fuente de adquisición Total de préstamos Signatura topográfica completa Código de barras Visto por última vez Precio de reemplazo Tipo de ítem Koha
        Libros del s. XIX Biblioteca del Ateneo de Madrid Biblioteca del Ateneo de Madrid Sala Pecera Planta 3 17/01/2008     G-11435 1165531 23/02/2023 23/02/2023 Libro impreso antiguo